| 000 | 01455nam a22004097a 4500 | ||
|---|---|---|---|
| 001 | 000095500 | ||
| 003 | CHAP | ||
| 005 | 20220329143112.0 | ||
| 008 | 060330d2006 mx r 00110 spa d | ||
| 010 | _a91966 | ||
| 011 | _a92938 | ||
| 035 | _a103505 | ||
| 040 | _cCHAP | ||
| 090 | _aTesis | ||
| 100 | 1 |
_aPliego Aradero, Claudia _989179 |
|
| 245 | 1 | 0 |
_aEstudio etnobotánico en el ejido de Tepalcingo, Morelos / _c/por Claudia Pliego Aradero. |
| 260 |
_aChapingo, Méx. : _bEl autor, _c2006. |
||
| 300 |
_a31 h. : _bilus. |
||
| 502 | _aTesis (Ing. en Agroecología) -- UACH. Departamento de Agroecología | ||
| 590 |
_aALEPH _b10 _c20130110 _lUCH01 _h1510 |
||
| 590 |
_aBATCH-UPD _b10 _c20130110 _lUCH01 _h0510 |
||
| 590 |
_aBATCH-UPD _b10 _c20130410 _lUCH01 _h0148 |
||
| 590 |
_aBATCH-UPD _b10 _c20130914 _lUCH01 _h0738 |
||
| 590 |
_aBATCH-UPD _b10 _c20140324 _lUCH01 _h1455 |
||
| 590 |
_aBATCH-UPD _b10 _c20141002 _lUCH01 _h0829 |
||
| 590 |
_aCONVERSION _b10 _c20130109 _lUCH01 _h1351 |
||
| 590 |
_aE11695DGD _b10 _c20130530 _lUCH01 _h1411 |
||
| 650 | 1 | 4 |
_aBotánica _xMorelos. _914594 |
| 650 | 1 | 4 |
_aEtnobotánica _zMorelos. _938647 |
| 856 |
_3Finding aid _uhttp://10.13.5.2/tesis/103505.pdf _zTeclea aquí |
||
| 901 | _aBK | ||
| 905 | _aAlejandra Carrasco M. | ||
| 942 | _cCD | ||
| 942 | _n0 | ||
| 949 |
_aTesis _bBC _cTES _d00000001035051 _eTS1 _gDonaciØn _h44975 _i103505 _sb |
||
| 949 |
_aTesis _bBC _cTES _d33724000999405 _eTS2 _fc.2 _gDonaciØn _h44976 _i103505 _si |
||
| 999 |
_c91966 _d91966 |
||